000 00755nam a22001577a 4500
020 _a9789878055589
080 _a347.27 G 879
100 _aGrilli Antonio M.
245 _aLos Conflictos en los Derechos Reales de Garantia:
_blos derechos reales de garantia bajo el prisma del conflicto bifocal y el metodo del caso
260 _aBuenos Aires:
_bHammurabi,
_c2023
300 _a220 P.
_b23 X 16 Cm.
490 _aConflictos de derechos reales
_v1
650 _xderechos reales
_xderechos reales de garantia
_xconflictos
_xinstrumentos publicos
_xescrituras publicas
_xactas notariales
_xhipoteca
_xanticresis
_xderecho de retener la cosa
_xderecho de devolver la cosa
_xprenda
_xprenda con registro
_xcasos
_xjurisprudencia
945 _acd
_d2023-11-15
999 _c5349
_d235853
942 _6_